Light in the Answer - Statistics

General Stats
  • This quiz has been taken 24,752 times
  • The average score is 12 of 20
Answer Stats
Clue Answer % Correct
What Edison invented Light Bulb
97%
Aurora Borealis Northern Lights
93%
Luke Skywalker's weapon Light Saber
92%
What God said on the first day Let There Be Light
89%
Nickname of Paris City of Light
87%
299,792,458 meters per second Speed of Light
84%
Sailor's warning beacon Lighthouse
78%
Many hands make ... Light Work
67%
Oh say can you see, by the ... Dawn's Early Light
62%
Why city-dwellers can't see the stars Light Pollution
59%
Approximately 1/3rd of a parsec Light Year
58%
What LED stands for Light-Emitting Diode
53%
Diwali Festival of Lights
51%
Dusk Twilight
50%
Tennyson poem: Charge of the ... Light Brigade
46%
"Silver Bullet" beer Coors Light
44%
It ignites a gas stove Pilot Light
36%
Song by The Doors Light My Fire
35%
Wreck of the Edmund Fitzgerald singer Gordon Lightfoot
26%
Better to do this than curse the darkness Light a Candle
15%
No matching quizzes found
Score Distribution
Percent of People with Each Score
Percentile by Number Answered
Your Score History
You have not taken this quiz